00529nam a2200181Ia 4500008004100000040001900041041001200060082002700072100001900099245008100118250001600199260004100215300002100256504001900277650002400296700001700320850001000337131103s9999 xx 000 0 und d aLoreto College aEnglish a994.5/HILbLCLIB/15458 aHill,Ernestine aWater into goldcErnestine Hill; with forewords by Alex F.Bell and H.D.Howle a9th ed.rev. aMelbournebRobertson & Mullensc1951 a334 p. c 22 cm. aIncludes index aAustralia - History aBell,Alex F. aLCLIB